000 00685cam a22002292 4500
001 12014
003 BD-RjUL
005 20211208235224.0
008 140127s1969 paua 001 0 eng d
035 _a(BD-RjUL)12063
_aOCLC ocm00004612 from D970828M
040 _aDLC
_cDLC
_dOCL
_dUKM
_dEQO
_dBD-RjUL
_beng
041 _aeng
082 0 0 _a570
_bGEB 1969
100 1 _aGerking, Shelby Delos,
_d1918-
_937230
245 1 0 _aBiological systems /
_cby Shelby D. Gerking.
260 _aPhiladelphia :
_bW. B. Saunders,
_c1969.
300 _axiv, 480 p. :
_billus., (part col.)
_c27 cm.
504 _aIncludes index.
650 0 _aBiology.
_937231
942 _2ddc
_cBK
999 _c12014
_d12014